000 00577nam a22002177a 4500
003 ITZ
005 20240909180647.0
008 230918b |||||||| |||| 00| 0 spa d
020 _a978-607-526-670-1
035 _a17517
041 _aspa
050 _aOC023
_bS4718 2018 v.2
082 _a530.141
_bS767f 2018 V.2
100 1 _aSerway, Raymond A.
245 _aFisica 2:
_bPara ciencias e ingeniería
_cRaymond A. serway
250 _a10
260 _aMéxico
_bCengage Learnign
_c2018
300 _aparg. varia., il. /
_c27 cm.
650 _a1. FISICA
942 _cBK
999 _c29134
_d29134